[Event "Hamburg-ch U18"]
[Site "Schoenhagen"]
[Date "2009.03.14"]
[Round "1"]
[White "Akram, Shumon"]
[Black "Kuehl, Timo"]
[Result "1/2-1/2"]
[WhiteElo "1578"]
[BlackElo "1410"]
[PlyCount "102"]
[EventDate "2009.03.14"]
[EventType "tourn"]
[EventRounds "10"]
[EventCountry "GER"]
[SourceTitle "EXT 2010"]
[Source "ChessBase"]
[SourceDate "2010.11.25"]
[SourceVersion "1"]
[SourceVersionDate "2010.11.25"]
[SourceQuality "1"]

1. e4 e5 2. Nf3 Nc6 3. Bc4 Bc5 4. c3 Nf6 5. d3 d6 6. Bg5 h6 7. Bh4 Be6 8. Nbd2 g5 9. Bg3 Qd7 10. Bxe6 Qxe6 11. h3 0-0-0 12. b4 Bb6 13. a4 a6 14. Nc4 Ba7 15. b5 Nb8 16. Qb1 Nxe4 17. bxa6 Nxa6 18. Na5 Nec5 19. 0-0 Bb6 20. Nc4 Ba7 21. Re1 f5 22. Nd4 Qf7 23. Nb5 Kb8 24. Nxa7 Kxa7 25. f3 Qd5 26. Bf2 Ka8 27. Bxc5 Nxc5 28. Rd1 e4 29. Ne3 Qe6 30. fxe4 fxe4 31. Nd5 Kb8 32. dxe4 Qxe4 33. Qb4 Qxb4 34. cxb4 Ne4 35. Re1 Rde8 36. Rac1 c6 37. Ne3 Rhf8 38. Rf1 Rxf1+ 39. Rxf1 Nd2 40. Rd1 Rxe3 41. Rxd2 d5 42. b5 Re4 43. bxc6 bxc6 44. Ra2 d4 45. Rd2 c5 46. Kf2 Kc7 47. Kf3 Rf4+ 48. Ke2 c4 49. g3 Re4+ 50. Kf3 Re3+ 51. Kf2 Re4 1/2-1/2

[Event "GER North-chT U16"]
[Site "Verden an der Aller"]
[Date "2008.09.13"]
[Round "4.4"]
[White "Rauschenberg, Rolf"]
[Black "Akram, Shumon"]
[Result "0-1"]
[WhiteElo "1099"]
[BlackElo "1522"]
[PlyCount "94"]
[EventDate "2008.09.12"]
[EventType "team-swiss"]
[EventRounds "6"]
[EventCountry "GER"]
[SourceTitle "EXT 2011"]
[Source "ChessBase"]
[SourceDate "2010.11.26"]
[SourceVersion "1"]
[SourceVersionDate "2010.11.26"]
[SourceQuality "1"]
[WhiteTeam "Stade"]
[BlackTeam "Hamburg Koenigsspringer"]
[WhiteTeamCountry "GER"]
[BlackTeamCountry "GER"]

1. d4 d5 2. Nf3 Nf6 3. Nc3 c6 4. Bf4 Bf5 5. e3 e6 6. a3 Bd6 7. Bxd6 Qxd6 8. h3 Nbd7 9. Bd3 Bg6 10. Bxg6 hxg6 11. Qd3 Rc8 12. 0-0 c5 13. dxc5 Nxc5 14. Qb5+ Qc6 15. Qxc6+ Rxc6 16. b4 Ncd7 17. Nb5 a6 18. Nbd4 Rc7 19. Rac1 0-0 20. c3 Ne4 21. Rc2 Rfc8 22. Rfc1 Nxc3 23. Kh1 Nb5 24. Rxc7 Rxc7 25. Rxc7 Nxc7 26. a4 Nb6 27. a5 Nc4 28. Nc2 Nb5 29. Nfd4 Nxd4 30. Nxd4 b6 31. axb6 Nxb6 32. Kg1 Kf8 33. Kf1 Ke8 34. Ke2 Kd7 35. Kd3 Nc4 36. Kc3 a5 37. bxa5 Nxa5 38. Kd3 Nc6 39. Nxc6 Kxc6 40. Kd4 Kd6 41. e4 e5+ 42. Kd3 d4 43. g3 g5 44. f3 Kc5 45. h4 gxh4 46. gxh4 Kb4 47. h5 Kc5 0-1